Central Library OPAC University of Rajshahi

A manual of radiobiology / (Record no. 70255)

MARC details
000 -LEADER
fixed length control field 00891cam a2200289 i 4500
001 - CONTROL NUMBER
control field 70255
003 - CONTROL NUMBER IDENTIFIER
rucl marc code BD-RjUL
005 - DATE AND TIME OF LATEST TRANSACTION
control field 20211209081959.0
008 - FIXED-LENGTH DATA ELEMENTS--GENERAL INFORMATION
fixed length control field 770714s1977 waua b 001 0 eng
020 ## - INTERNATIONAL STANDARD BOOK NUMBER
International Standard Book Number 0295955538
035 ## - SYSTEM CONTROL NUMBER
System control number (BD-RjUL)70469
040 ## - CATALOGING SOURCE
Original cataloging agency DLC
Transcribing agency DLC
Modifying agency DLC
Language of cataloging eng
041 ## - LANGUAGE CODE
Language code of text/sound track or separate title eng
082 00 - DEWEY DECIMAL CLASSIFICATION NUMBER
Classification number 571.45
Edition number 23
Author mark and year STM 1977
100 1# - MAIN ENTRY--PERSONAL NAME
Personal name Stewart, John Cedric.
9 (RLIN) 208060
245 12 - TITLE STATEMENT
Title A manual of radiobiology /
Statement of responsibility, etc. by John C. Stewart and David M. Hawcroft.
260 ## - PUBLICATION, DISTRIBUTION, ETC. (IMPRINT)
Place of publication, distribution, etc. Seattle :
Name of publisher, distributor, etc. University of Washington Press,
Date of publication, distribution, etc. 1977.
300 ## - PHYSICAL DESCRIPTION
Pagination xi, 202 p. :
Illustrations ill. ;
Size 23 cm.
490 0# - SERIES STATEMENT
Series statement Biology series
504 ## - BIBLIOGRAPHY, ETC. NOTE
Bibliography, etc Includes bibliography and index.
650 #0 - SUBJECT ADDED ENTRY--TOPICAL TERM
Topical term or geographic name as entry element Radiobiology
9 (RLIN) 165125
Topical term or geographic name as entry element Radiobiology
General subdivision Experiments.
9 (RLIN) 208061
700 1# - ADDED ENTRY--PERSONAL NAME
Personal name Hawcroft, David M.,
Relator term joint author.
830 ## - SERIES ADDED ENTRY--UNIFORM TITLE
Uniform title Biology series
942 ## - ADDED ENTRY ELEMENTS (KOHA)
Source of classification or shelving scheme Dewey Decimal Classification
Koha item type Books
Holdings
Lost status Source of classification or shelving scheme Damaged status Not for loan Collection code Permanent Location Current Location Shelving location Date acquired Source of acquisition Total Checkouts Full call number Date last seen Copy number Koha item type
  Dewey Decimal Classification   Not For Loan Non-fiction Central Library, University of Rajshahi Central Library, University of Rajshahi Reading Room 29/10/1995 Asia Foundation   571.45 STM 1977 16/04/2017 C-1 Books